Statistiques concernant Paroles - Mon fils, ma bataille - Daniel Balavoine

Cliquez ici pour prendre le quiz!

Statistiques générales

  • Ce quiz a été pris 2 186 fois
  • Le résultat moyen est 144 sur 167

Statistiques - réponses

Paroles% Correct
ma
99%
mon
99%
que
99%
a
98%
à
98%
Ca
98%
ça
98%
bataille
97%
ce
97%
de
97%
en
97%
fils,
97%
Je
97%
je
97%
pas
97%
aille
96%
c'est
96%
C'est
96%
me
96%
qu'elle
96%
s'en
96%
Si
96%
si
96%
Fallait
95%
le
94%
fait
93%
Oh-oh
93%
Oh-oh-oh
93%
Par
93%
enfant,
92%
enfant.
92%
enfant
92%
Et
92%
et
92%
tout
92%
Tout
92%
un
92%
l'a
91%
là,
91%
mes
91%
pour
91%
su
91%
au
90%
entrailles
90%
Les
90%
les
90%
longtemps
90%
maintenant
90%
sa
90%
t'es
90%
vie,
90%
vie
90%
vous
90%
fruit
89%
jugé
89%
casser
88%
du
88%
partie
88%
tu
88%
Tu
88%
j'avais
87%
j'vais
87%
serai
87%
touchez
87%
peur,
86%
sûr
86%
sur
86%
lois
85%
ne
85%
grand
83%
j'ai
83%
juges
83%
m'fait
83%
an
82%
banc
82%
dans
82%
pleurant
82%
qui
82%
qu'un
82%
voulais
82%
devenu
81%
serais
81%
souvent,
81%
vent
80%
dis
79%
matin
79%
plus
79%
d'un
78%
elle
78%
l'ombre
78%
métier
78%
moi
78%
serré
78%
corps
77%
tous
77%
sait
76%
t'écoute
76%
toi,
76%
j'étais
75%
Qu'on
75%
lui
74%
chanteurs,
73%
démonter
73%
des
73%
porté
73%
leur
72%
lentement
71%
pourtant,
71%
rien
71%
peut
70%
qu'il
70%
Bien
69%
dire
69%
côté
68%
n'est
68%
sali,
68%
sourire
66%
avant
65%
tend
64%
construis
62%
savaient
61%
S'ils
60%
L'absence
58%
torts
56%
défend
54%

Distribution des résultats

Percentile par nombre de réponses

% des personnes avec chaque résultat

Votre développement - résultats

Vous n’avez pas pris ce quiz